书目信息 |
| 题名: |
口才训练
|
|
| 作者: | 李元授 , 白丁 编著 | |
| 分册: | ||
| 出版信息: | 武汉 华中科技大学出版社 2006.01 |
|
| 页数: | 485页 | |
| 开本: | 21cm | |
| 丛书名: | ||
| 单 册: | ||
| 中图分类: | H019 | |
| 科图分类: | ||
| 主题词: | 口才学--kou cai xue , 口语--kou yu--训练 | |
| 电子资源: | ||
| ISBN: | 7-5609-3595-8 | |
| 000 | 00943nam0 2200289 450 | |
| 001 | 012007734477 | |
| 005 | 20071107165324.10 | |
| 010 | @a7-5609-3595-8@dCNY25.80 | |
| 100 | @a20071107d2006 km y0chiy0120 ea | |
| 101 | 0 | @achi |
| 102 | @aCN@b420000 | |
| 105 | @aa a 000yy | |
| 106 | @ar | |
| 200 | 1 | @a口才训练@Akou cai xun lian@f李元授, 白丁@Fli yuan shou,bai ding |
| 205 | @a第2版 | |
| 210 | @a武汉@c华中科技大学出版社@d2006.01 | |
| 215 | @a485页@c图@d21cm | |
| 320 | @a有书目 (第484-485页)。 | |
| 330 | @a本书内容包括:口才训练概述、流畅自如的普通话——语音训练、准确明晰的表达艺术——表达训练、声情并茂的读诵艺术——读诵训练等。 | |
| 333 | @a创造性人才素质训练教材; 高职高专院校公共课教材 | |
| 606 | 0 | @a口才学@Akou cai xue |
| 606 | 0 | @a口语@Akou yu@x训练 |
| 690 | @aH019@v4 | |
| 701 | 0 | @a李元授@Ali yuan shou@4编著 |
| 701 | 0 | @a白丁@Abai ding@4编著 |
| 801 | 0 | @aCN@b@c20071107 |
| 905 | @b265631-33@dH019@eL326@f3 | |
| 口才训练/李元授, 白丁.-第2版.-武汉:华中科技大学出版社,2006.01 |
| 485页:图;21cm |
| 使用对象:创造性人才素质训练教材; 高职高专院校公共课教材 |
| ISBN 7-5609-3595-8:CNY25.80 |
| 本书内容包括:口才训练概述、流畅自如的普通话——语音训练、准确明晰的表达艺术——表达训练、声情并茂的读诵艺术——读诵训练等。 |
| ● |
| 相关链接 |
|
|
|
正题名:口才训练
索取号:H019/L326
 
预约/预借
| 序号 | 登录号 | 条形码 | 馆藏地/架位号 | 状态 | 备注 |
| 1 | 265631 | 202656312 | 语言库209/209语言库 63排3列4层/ [索取号:H019/L326] | 在馆 | |
| 2 | 265632 | 202656321 | 语言库209/209语言库 63排3列4层/ [索取号:H019/L326] | 在馆 | |
| 3 | 265633 | 202656330 | 语言库209/209语言库 63排3列4层/ [索取号:H019/L326] | 在馆 |